[Event "Haarlem Nova College op 1st"]
[Site "Haarlem"]
[Date "2002.07.07"]
[Round "5"]
[White "Sula, Avni"]
[Black "Van Loenen, Daniel"]
[Result "1/2-1/2"]
[WhiteElo "2062"]
[BlackElo "1869"]
[PlyCount "60"]
[EventDate "2002.07.05"]
[EventType "swiss"]
[EventRounds "6"]
[EventCountry "NED"]
[SourceTitle "CBM 089 Extra"]
[Source "ChessBase"]
[SourceDate "2002.09.10"]
[SourceVersion "2"]
[SourceVersionDate "2002.09.10"]
[SourceQuality "1"]

1. d4 d5 2. c4 dxc4 3. e3 e6 4. Bxc4 c5 5. d5 Nf6 6. Nc3 exd5 7. Nxd5 Nc6 8. e4 Bd6 9. Nf3 Nxe4 10. Qe2 0-0 11. 0-0 Re8 12. Be3 Bg4 13. h3 Bh5 14. g4 Bg6 15. Rfd1 h5 16. Qf1 Qc8 17. Qg2 Ne5 18. Nxe5 Bxe5 19. f4 Nd6 20. Rac1 Be4 21. Qf2 Bxb2 22. Qxb2 Nxc4 23. Rxc4 Bxd5 24. Rxd5 Rxe3 25. Rg5 g6 26. Rcxc5 Qe6 27. Rge5 Rxe5 28. Rxe5 Qb6+ 29. Qxb6 axb6 30. Re2 hxg4 1/2-1/2

[Event "Haarlem Nova College op 1st"]
[Site "Haarlem"]
[Date "2002.07.06"]
[Round "2"]
[White "Sula, Avni"]
[Black "Bosboom, Manuel"]
[Result "0-1"]
[WhiteElo "2062"]
[BlackElo "2435"]
[PlyCount "90"]
[EventDate "2002.07.05"]
[EventType "swiss"]
[EventRounds "6"]
[EventCountry "NED"]
[SourceTitle "CBM 089 Extra"]
[Source "ChessBase"]
[SourceDate "2002.09.10"]
[SourceVersion "2"]
[SourceVersionDate "2002.09.10"]
[SourceQuality "1"]

1. d4 Nf6 2. c4 a6 3. Nf3 c5 4. d5 b5 5. Nc3 b4 6. Na4 d6 7. b3 e6 8. g3 exd5 9. cxd5 Bb7 10. Bg2 Bxd5 11. 0-0 Nbd7 12. Re1 Be7 13. Nb2 0-0 14. Nc4 Nb6 15. Ne3 Be4 16. Bb2 Re8 17. Qd2 d5 18. Ne5 Bd6 19. N5g4 Nxg4 20. Nxg4 d4 21. f3 Bf5 22. e3 d3 23. a3 Rc8 24. axb4 cxb4 25. Rac1 a5 26. Bd4 Bf8 27. Rxc8 Nxc8 28. Ne5 Nd6 29. g4 Nb5 30. Nc6 Qd6 31. Rc1 Bg6 32. Rc4 Nxd4 33. Nxd4 h5 34. gxh5 Bxh5 35. Qxd3 Bg6 36. Qd2 Qe5 37. Kf2 Qxh2 38. Ne2 Bd6 39. Qd5 Be7 40. Qd4 Rd8 41. Qg4 a4 42. Rc8 Qh4+ 43. Ng3 Qxg4 44. Rxd8+ Bxd8 45. fxg4 a3 0-1